000 00606nam a2200217Ia 4500
003 OSt
005 20220928135557.0
006 a|||||r|||| 00| 0
007 ta
008 220927b |||||||| |||| 00| 0 eng d
024 _a3417
037 _cTextual
040 _aSDCL
_cSDCL
_beng
041 _2eng
_aeng
082 _aO-,1M:g, M1
100 _aMcFarland Thomas
_9491745
245 0 _aRomanticism and the forms of ruin
_b Wordsworth, Coleridge, and modalities of fragmentation
260 _c1981
942 _hO-,1M:g, M1
_cTEXL
_2CC
999 _c807156
_d807156